| 000 | 00364nam a2200133Ia 4500 | ||
|---|---|---|---|
| 008 | 240624s9999 xx 000 0 und d | ||
| 041 | _aeng | ||
| 082 | _a303.4833 PRA | ||
| 100 | _aPRASAD ESWAR S | ||
| 245 | _aGAINING CURRENCY THE RISE OF THE RENMINB | ||
| 260 |
_c2017 _aNew Delhi _bOxford University Press |
||
| 300 | _axviii, 319 p.; 23 cm. | ||
| 365 |
_cRS _b31 |
||
| 999 |
_c29674 _d29674 |
||